000 00417ntaaa2200169 4500
003 01
005 20251027202750.0
008 0714s1973 ag 01
040 _aAR-BaBN
_bspa
_cAR-BaBN
_eaacr
_dRIC
082 _a796.5400 C83
100 _aCoughlin, Josè
_927771
245 _aCampamentos de verano
250 _a1 ed.
260 _aSan José, Costa Rica :
_bEditorial Caribe,
_cs.f.
300 _a24 p
942 _cBK
999 _c22938
_d22938